000 00879cam a2200265 a 4500
001 51
003 BR-CuiBMT
005 20231116230701.0
008 230808s2023 mgb 000 0 por d
020 _a9786555185126
040 _aBR-CuiBMT
_cBR-CuiBMT
080 _a343.9.02
_22007
090 _a343.9.02
_bL979f
100 1 _aLuz, William
245 1 0 _aFacções criminosas :
_banálise jurídica e estratégicas de enfrentamento /
_cWilliam Luz, Rômulo Cordão ; prefácio Carlos Alberto Ferreira do Nascimento.
260 _aBelo Horizonte :
_bFórum,
_c2023.
300 _a253 p. ;
_c22 cm
504 _aInclui bibliografia.
650 _aOrganizações criminosas
_zBrasil
650 _aTráfico de drogas
_xFacções criminosas
650 _aLavagem de dinheiro
_xFacções criminosas
650 _aCriminologia
_zBrasil
700 1 _aCordão, Rômulo
942 _2udc
_cLV
999 _c51
_d51